Estatísticas para Países Das Americas

Clique aqui para jogar o quiz

Estatísticas Gerais

  • Esse quiz foi jogado 7 869 vezes
  • A pontuação média é 29 de 35

Respostas no mapa

Respostas codificadas por cores de uma escala verde-vermelha no mapa do quiz de acordo com a % correta abaixo.
 

Estatísticas das Respostas

País% Correto
Canada
98%
Estados Unidos
98%
Brasil
97%
Mexico
97%
Argentina
96%
Chile
96%
Paraguai
95%
Uruguai
95%
Bolivia
94%
Colombia
94%
Venezuela
94%
Equador
93%
Guiana
93%
Peru
93%
Cuba
90%
Suriname
90%
Panamá
87%
Costa Rica
83%
Jamaica
83%
Haiti
82%
Honduras
82%
El Salvador
80%
Guatemala
80%
Nicaragua
78%
Bahamas
77%
Belize
76%
República Dominicana
76%
Barbados
68%
Trinidad e Tobago
67%
Dominica
66%
Santa Lúcia
62%
Antigua e Barbuda
60%
Granada
60%
São Vicente e Granadinas
57%
São Crístovão e Nevis
56%

Distribuição das Pontuações

Percentil de Números Respondidos

Porcentagem de Pessoas com Cada Pontuação

Sua Pontuação Histórica

Você não jogou esse quiz